La communication politique (notice n° 2198641)

détails MARC
000 -LEADER
fixed length control field 01733cam a2200145 4500500
005 - DATE AND TIME OF LATEST TRANSACTION
control field 20260405085554.0
041 ## - LANGUAGE CODE
Language code of text/sound track or separate title fre
042 ## - AUTHENTICATION CODE
Authentication code dc
100 10 - MAIN ENTRY--PERSONAL NAME
Personal name Gerstlé, Jacques
Relator term author
245 00 - TITLE STATEMENT
Title La communication politique
260 ## - PUBLICATION, DISTRIBUTION, ETC.
Name of publisher, distributor, etc. Armand Colin,<br/>
Date of publication, distribution, etc. 2020.<br/>
520 ## - SUMMARY, ETC.
Summary, etc. La politique est largement affaire de communication. Depuis plusieurs années, les acteurs politiques ont en effet recours à tout un répertoire de stratégies et de techniques (sondages, focus groups, triangulation, news management, réseaux sociaux, etc.) pour déterminer les attentes des électeurs, formuler le message « gagnant » et occuper l’espace médiatique afin d’être le plus persuasif possible. Mêlant à la fois théories, techniques et pratiques politiques, la communication politique se présente ainsi comme l’outil indispensable à la conquête et à l’exercice du pouvoir. Cette nouvelle édition dresse le panorama complet de cet ensemble disparate, désormais objet d’étude en tant que tel. Elle met également en évidence la part croissante de la participation citoyenne au débat démocratique grâce aux nouvelles technologies et l’émergence d’organisations en réseaux qui remettent en cause les institutions représentatives traditionnelles. Elle analyse enfin les effets réels de la numérisation de la communication politique qui, contrairement aux mythes souvent véhiculés par les acteurs concernés, n’a pas révolutionné les règles du jeu mais donné naissance à un système médiatique politique désormais hybride.
700 10 - ADDED ENTRY--PERSONAL NAME
Personal name Piar, Christophe
Relator term author
856 41 - ELECTRONIC LOCATION AND ACCESS
Uniform Resource Identifier <a href="https://shs.cairn.info/la-communication-politique--9782200627843?lang=fr&redirect-ssocas=7080">https://shs.cairn.info/la-communication-politique--9782200627843?lang=fr&redirect-ssocas=7080</a>

Pas d'exemplaire disponible.

PLUDOC

PLUDOC est la plateforme unique et centralisée de gestion des bibliothèques physiques et numériques de Guinée administré par le CEDUST. Elle est la plus grande base de données de ressources documentaires pour les Étudiants, Enseignants chercheurs et Chercheurs de Guinée.

Adresse

627 919 101/664 919 101

25 boulevard du commerce
Kaloum, Conakry, Guinée

Réseaux sociaux

Powered by Netsen Group @ 2025